000 00454nam a22001697a 4500
003 OSt
005 20220128095323.0
008 220128b |||||||| |||| 00| 0 eng d
020 _a0-397-51481-6
040 _aDDC
_cHU
082 _22ND
_a617
_b3
100 _aGREENFIELD LAZAR J.
_928985
245 _aSURGERY SCIENTIFIC PRINCIPLES AND PRACTICE
250 _a2ND
260 _aNEW YORK
_bLIPPINCOTT WILLIAMS AND WILKINS
_c1997
942 _2ddc
_cBOOKS
_n0
999 _c28298
_d28298